[Event "36th Reykjavik op"]
[Site "Reykjavik ISL"]
[Date "2023.04.04"]
[Round "9.149"]
[White "De Kleijn, Erwin"]
[Black "Kularatnam, Kaushalya"]
[WhiteElo "1798"]
[BlackElo "1563"]
[Result "1-0"]
[EventDate "2023.03.29"]
[PlyCount "53"]

1. e4 c5 2. d4 cxd4 3. c3 dxc3 4. Nxc3 Nc6 5. Nf3 d6 6. Bc4 a6 7. O-O b5 8. Bd5 Qd7
9. e5 e6 10. Bxc6 Qxc6 11. Bg5 d5 12. Rc1 Qd7 13. Qe2 Be7 14. Rfd1 Qb7 15. Rd4 Bxg5
16. Nxg5 Nh6 17. Rh4 Qe7 18. Qd2 f6 19. exf6 Qxf6 20. Nxd5 exd5 21. Qxd5 Bb7 22.
Re4+ Kf8 23. Qxb7 Re8 24. Rxe8+ Kxe8 25. Rc8+ Qd8 26. Rxd8+ Kxd8 27. Qb8+  1-0

[Event "36th Reykjavik op"]
[Site "Reykjavik ISL"]
[Date "2023.04.04"]
[Round "9.150"]
[White "Shirov-Michna, Masza"]
[Black "Scoccianti, Raffaele"]
[WhiteElo "1349"]
[BlackElo "1796"]
[Result "0-1"]
[EventDate "2023.03.29"]
[PlyCount "94"]

1. f4 d5 2. Nf3 g6 3. e3 Bg7 4. Be2 Nf6 5. O-O O-O 6. h3 c5 7. d3 Nc6 8. Nbd2 b6
9. Ne5 Qc7 10. Nxc6 Qxc6 11. Bf3 Bb7 12. Rf2 Qc7 13. Nf1 Rad8 14. Qe2 Rfe8 15. Bd2
e5 16. fxe5 Qxe5 17. Bc3 Qe7 18. Re1 Ba6 19. Qd2 Ne4 20. Bxe4 dxe4 21. Bxg7 Kxg7
22. Qc3+ Kg8 23. dxe4 Qxe4 24. Qf6 Qe6 25. Nh2 Qxf6 26. Rxf6 Rd2 27. Rf2 Red8 28.
Nf3 Rxf2 29. Kxf2 f6 30. g4 h6 31. Rg1 Bb7 32. c3 Kf7 33. a3 Bxf3 34. Kxf3 Rd2 35.
Rg2 Rxg2 36. Kxg2 Ke6 37. c4 Ke5 38. Kf3 a6 39. b3 g5 40. b4 cxb4 41. axb4 a5 42.
c5 axb4 43. cxb6 Kd6 44. b7 Kc7 45. Ke4 Kxb7 46. Kd3 Kb6 47. e4 Kc5  0-1

[Event "36th Reykjavik op"]
[Site "Reykjavik ISL"]
[Date "2023.04.04"]
[Round "9.151"]
[White "Densing, Gerd"]
[Black "Christoffersen, Odd"]
[WhiteElo "1777"]
[BlackElo "1510"]
[Result "1/2-1/2"]
[EventDate "2023.03.29"]
[PlyCount "93"]

1. d4 d5 2. Nf3 Nf6 3. e3 Bg4 4. h3 Bxf3 5. Qxf3 e6 6. c4 Nbd7 7. Nc3 c6 8. Bd2 Be7
9. Bd3 Rc8 10. O-O O-O 11. Qe2 dxc4 12. Bxc4 Nb6 13. Bb3 c5 14. dxc5 Bxc5 15. Rfd1
Qe7 16. a3 Rfd8 17. Ba2 a6 18. Rac1 Qe8 19. e4 e5 20. Be3 Rxd1+ 21. Rxd1 Bxe3 22.
Qxe3 Qc6 23. f3 h6 24. Kh2 Qc7 25. Rc1 Qd8 26. Qe2 Qe8 27. Qc2 Na4 28. Qb3 Nxc3 29.
Rxc3 Rxc3 30. Qxc3 Qe7 31. Qc8+ Kh7 32. Qc4 Kg8 33. b4 g6 34. a4 Kg7 35. b5 axb5
36. axb5 Ne8 37. Qd5 Nd6 38. Bb3 Ne8 39. g3 g5 40. g4 Nd6 41. Qc5 Kf6 42. Bd5 Qd8
43. b6 Nc8 44. Qc7 Qxc7 45. bxc7 Ke7 46. Bxb7 Kd7 47. Bxc8+  1/2-1/2

[Event "36th Reykjavik op"]
[Site "Reykjavik ISL"]
[Date "2023.04.04"]
[Round "9.152"]
[White "Endeberg, Ivar"]
[Black "Hauksdottir, Hrund"]
[WhiteElo "1302"]
[BlackElo "1775"]
[Result "1/2-1/2"]
[EventDate "2023.03.29"]
[PlyCount "68"]

1. e4 e5 2. Nf3 Nc6 3. d4 exd4 4. Nxd4 Bc5 5. Be3 Qf6 6. c3 Bb6 7. Bc4 Nge7 8. O-O
O-O 9. Na3 Ne5 10. Be2 Qg6 11. f3 d5 12. exd5 Nxd5 13. Bf2 Bh3 14. Bg3 Bxg2 15. Rf2
Bh3 16. Kh1 Rfe8 17. Qc2 Bxd4 18. cxd4 Qxc2 19. Nxc2 Ng6 20. Bc4 Ngf4 21. Nb4 Rad8
22. Nxd5 Nxd5 23. Bxd5 Rxd5 24. Bxc7 Rxd4 25. Ba5 Rd3 26. Rg1 b6 27. Bc3 Red8 28.
Rxg7+ Kf8 29. Rg1 Rd1 30. Bb4+ Ke8 31. Re2+ Be6 32. Rxd1 Rxd1+ 33. Kg2 Kd7 34. a3
Rd3  1/2-1/2

[Event "36th Reykjavik op"]
[Site "Reykjavik ISL"]
[Date "2023.04.04"]
[Round "9.153"]
[White "Cooper, Malcolm H"]
[Black "Haberecht, Paul"]
[WhiteElo "1763"]
[BlackElo "1412"]
[Result "0-1"]
[EventDate "2023.03.29"]
[PlyCount "64"]

1. d4 d5 2. c4 dxc4 3. e4 e5 4. Nf3 Bb4+ 5. Nc3 exd4 6. Nxd4 Bxc3+ 7. bxc3 Nf6 8.
Bxc4 O-O 9. Bg5 Qe7 10. O-O Qc5 11. Bxf6 Qxc4 12. Bh4 c5 13. Be7 Re8 14. Nb3 b6 15.
Re1 Bb7 16. f3 Nc6 17. Bg5 f6 18. Qd5+ Qxd5 19. exd5 fxg5 20. dxc6 Bxc6 21. Kf2 Kf7
22. Rad1 Rad8 23. Rxe8 Rxe8 24. Rd6 Bb5 25. Nc1 Bc4 26. a3 Ke7 27. Rd2 Rd8 28. Rxd8
Kxd8 29. Ke3 Ke7 30. g3 Ke6 31. f4 Kf5 32. h4 gxh4  0-1

[Event "36th Reykjavik op"]
[Site "Reykjavik ISL"]
[Date "2023.04.04"]
[Round "9.154"]
[White "Lokeswara, Rao"]
[Black "Ingason, Sigurdur"]
[WhiteElo "1218"]
[BlackElo "1756"]
[Result "1/2-1/2"]
[EventDate "2023.03.29"]
[PlyCount "59"]

1. d4 d5 2. Nf3 c6 3. c4 Nf6 4. Nc3 a6 5. cxd5 cxd5 6. a3 e6 7. Bf4 Nc6 8. h3 Bd6
9. Qd2 O-O 10. g4 Na5 11. Bxd6 Nc4 12. Qf4 Nxd6 13. e3 Nfe4 14. Bd3 f5 15. g5 Nxc3
16. bxc3 Ne4 17. O-O Nxc3 18. Rfc1 Ne4 19. Rc7 Nd6 20. Rac1 Rf7 21. Rxf7 Nxf7 22.
h4 Qd6 23. Qxd6 Nxd6 24. Rc7 Ne8 25. Rc3 Bd7 26. Ne5 Rc8 27. Rb3 Bc6 28. Rc3 Bd7
29. Rb3 Bc6 30. Rc3  1/2-1/2

[Event "36th Reykjavik op"]
[Site "Reykjavik ISL"]
[Date "2023.04.04"]
[Round "9.156"]
[White "Opasiak, Dustin Tennessee"]
[Black "Hagen, Andreas Skytte"]
[WhiteElo "1748"]
[BlackElo "1244"]
[Result "1-0"]
[EventDate "2023.03.29"]
[PlyCount "83"]

1. e4 e5 2. Nf3 Nc6 3. Bb5 d6 4. O-O Bd7 5. c3 Qe7 6. Re1 Nf6 7. h3 Nd8 8. Bxd7+
Qxd7 9. d4 exd4 10. cxd4 Be7 11. Nc3 d5 12. e5 Ne4 13. Nxe4 dxe4 14. Rxe4 Qd5 15.
Re1 Ne6 16. Qa4+ b5 17. Qb3 Qxb3 18. axb3 O-O 19. Be3 Rfd8 20. Red1 Rd5 21. Kf1 c5
22. dxc5 Rxd1+ 23. Rxd1 Bxc5 24. Bxc5 Nxc5 25. b4 Na4 26. Rd5 Nxb2 27. Rxb5 Nd3 28.
g3 h6 29. Ke2 Rd8 30. Ne1 Nc1+ 31. Ke3 Na2 32. Rb7 Re8 33. Nd3 a6 34. f4 Nc3 35.
g4 f6 36. Kd4 Nb5+ 37. Ke3 g5 38. Rb6 Nc7 39. Ke4 gxf4 40. Rxf6 Rf8 41. Rxh6 f3 42.
Rf6  1-0

[Event "36th Reykjavik op"]
[Site "Reykjavik ISL"]
[Date "2023.04.04"]
[Round "9.157"]
[White "Spagnoli, Benjamin"]
[Black "B. Berglindardottir, Emilia Embla"]
[WhiteElo "1744"]
[BlackElo "1112"]
[Result "1-0"]
[EventDate "2023.03.29"]
[PlyCount "41"]

1. d4 d6 2. Nc3 g6 3. Bf4 Bg7 4. e4 Nf6 5. Qd2 O-O 6. O-O-O Nbd7 7. Nf3 b6 8. h4
Bb7 9. Bd3 h5 10. Bh6 Bxh6 11. Qxh6 Ng4 12. Qd2 Kg7 13. Ng5 e6 14. f3 Ngf6 15. g4
Nh7 16. Nxh7 Kxh7 17. gxh5 gxh5 18. e5+ f5 19. exf6+ Kg8 20. Qg5+ Kf7 21. Qg6#  1-0

[Event "36th Reykjavik op"]
[Site "Reykjavik ISL"]
[Date "2023.04.04"]
[Round "9.160"]
[White "Tan, Jimmy"]
[Black "Jonsdottir, Katrin Maria"]
[WhiteElo "1715"]
[BlackElo "1071"]
[Result "1-0"]
[EventDate "2023.03.29"]
[PlyCount "43"]

1. d4 d5 2. Nf3 Nf6 3. e3 e6 4. Bd3 c5 5. b3 cxd4 6. exd4 Nc6 7. Bb2 Bd6 8. O-O O-O
9. Ne5 Nd7 10. f4 Ndxe5 11. fxe5 Bc7 12. Qh5 h6 13. Ba3 Ne7 14. Nd2 a6 15. Rf3 Bb6
16. c3 Qc7 17. Kh1 Ba5 18. Rg3 Kh8 19. Rf1 Bxc3 20. Rxf7 Rg8 21. Qxh6+ gxh6 22. Rh7#
 1-0

[Event "36th Reykjavik op"]
[Site "Reykjavik ISL"]
[Date "2023.04.04"]
[Round "9.163"]
[White "Hipler, Andreas"]
[Black "Magnusson, Thorsteinn"]
[WhiteElo "1780"]
[BlackElo "1485"]
[Result "0-1"]
[EventDate "2023.03.29"]
[PlyCount "80"]

1. d4 d5 2. Nf3 Nf6 3. g3 Bf5 4. Bg2 e6 5. c4 Nc6 6. O-O Be7 7. Qa4 Nd7 8. cxd5 exd5
9. Qb5 Nb4 10. Na3 a6 11. Qa4 O-O 12. Bd2 Nc6 13. Rac1 Bf6 14. e3 Re8 15. Nc2 Be4
16. Nb4 Nxb4 17. Bxb4 Rc8 18. b3 h5 19. Ne1 Bxg2 20. Kxg2 h4 21. Nd3 Bg5 22. Bd2
Qe7 23. f3 Qe6 24. Nc5 h3+ 25. Kh1 Nxc5 26. dxc5 c6 27. f4 Qg4 28. Rce1 Bf6 29. Qb4
Rc7 30. Bc1 d4 31. e4 Rd7 32. e5 Bh4 33. Qd2 Be7 34. b4 a5 35. a3 axb4 36. axb4 Qe6
37. Re4 Qd5 38. Rfe1 f5 39. exf6 Bxf6 40. Qd3 Rde7  0-1

[Event "36th Reykjavik op"]
[Site "Reykjavik ISL"]
[Date "2023.04.04"]
[Round "9.164"]
[White "Boschmann, Alexander"]
[Black "Girish, Niyathi"]
[WhiteElo "1779"]
[BlackElo "1425"]
[Result "1-0"]
[EventDate "2023.03.29"]
[PlyCount "103"]

1. d4 d5 2. c4 e6 3. Nf3 Nf6 4. Nc3 Be7 5. Bg5 O-O 6. e3 h6 7. Bh4 Ne4 8. Bxe7 Qxe7
9. Qc2 c6 10. Nxe4 dxe4 11. Qxe4 Qb4+ 12. Nd2 Qxb2 13. Qb1 Qxb1+ 14. Rxb1 Nd7 15.
Bd3 Rd8 16. O-O Nf6 17. Nf3 c5 18. Rfd1 cxd4 19. exd4 a5 20. Ne5 Ra6 21. c5 Ra8 22.
Nc4 Nd5 23. Nb6 Rb8 24. Nxd5 Rxd5 25. Be4 Rd7 26. c6 Rc7 27. d5 exd5 28. Rxd5 Be6
29. Rxa5 b6 30. Rab5 Bxa2 31. Rxb6 Rxb6 32. Rxb6 Be6 33. Rb8+ Bc8 34. Bf5 Rxc6 35.
Rxc8+ Rxc8 36. Bxc8 g6 37. f3 f5 38. f4 Kf7 39. Kf2 Kf6 40. Ke3 g5 41. g3 Kg6 42.
Bd7 Kf6 43. Kd4 h5 44. h4 gxh4 45. gxh4 Kg6 46. Ke5 Kg7 47. Kxf5 Kf7 48. Kg5 Kg7
49. f5 Kf7 50. f6 Kg8 51. Kg6 Kf8 52. f7  1-0

[Event "36th Reykjavik op"]
[Site "Reykjavik ISL"]
[Date "2023.04.04"]
[Round "9.165"]
[White "von Kistowski, Fynn"]
[Black "Kristinsson, Magnus"]
[WhiteElo "1548"]
[BlackElo "1756"]
[Result "1-0"]
[EventDate "2023.03.29"]
[PlyCount "71"]

1. f4 d5 2. Nf3 c5 3. g3 Nc6 4. Bg2 Nf6 5. d3 Bf5 6. O-O e6 7. c3 Bd6 8. Qe1 Qc7
9. Nh4 O-O-O 10. e4 Bg6 11. Nxg6 hxg6 12. e5 Nxe5 13. fxe5 Bxe5 14. Bf4 Bxf4 15.
Rxf4 g5 16. Rf1 Ng4 17. h3 Ne5 18. Qe2 Rhe8 19. Nd2 f6 20. Nf3 Ng6 21. Qf2 e5 22.
Rfe1 b6 23. Nxg5 Kb8 24. Nf3 Ne7 25. c4 d4 26. Nd2 a6 27. Qf3 Ka7 28. b4 cxb4 29.
a3 bxa3 30. Rxa3 a5 31. Rea1 Ka6 32. c5 Rb8 33. Nc4 Qxc5 34. Qg4 g5 35. Qd7 Red8
36. Qxe7  1-0

[Event "36th Reykjavik op"]
[Site "Reykjavik ISL"]
[Date "2023.04.04"]
[Round "9.166"]
[White "Hordur, Gardarsson"]
[Black "Chilton, James I"]
[WhiteElo "1498"]
[BlackElo "1722"]
[Result "0-1"]
[EventDate "2023.03.29"]
[PlyCount "67"]

1. d4 Nf6 2. c4 e6 3. Nf3 d5 4. Nc3 Bb4 5. Bg5 O-O 6. h3 h6 7. Bf4 c5 8. e3 Nc6 9.
Be2 cxd4 10. exd4 dxc4 11. Bxc4 Nd5 12. Bd2 Nb6 13. Bb3 Nxd4 14. Nxd4 Qxd4 15. O-O
Rd8 16. Be3 Qf6 17. Qc2 Nd5 18. Nxd5 exd5 19. Rfd1 Bf5 20. Qe2 d4 21. Bd2 d3 22.
Qf1 Bc5 23. Bc3 Qg6 24. Kh2 Qd6+ 25. f4 b5 26. Qf3 a5 27. Rac1 a4 28. Bc2 Qg6 29.
Bb1 Be4 30. Qf1 Rac8 31. a3 Be3 32. f5 Bf4+ 33. Kh1 Qg3 34. Kg1  0-1

[Event "36th Reykjavik op"]
[Site "Reykjavik ISL"]
[Date "2023.04.04"]
[Round "9.167"]
[White "de Winter, Eric"]
[Black "Gudmundsson, Solvi"]
[WhiteElo "1687"]
[BlackElo "1283"]
[Result "1-0"]
[EventDate "2023.03.29"]
[PlyCount "67"]

1. Nf3 d5 2. e3 Bf5 3. b3 e6 4. Bb2 Nd7 5. c4 c6 6. Nc3 h6 7. d3 Ngf6 8. Be2 Bh7
9. Qd2 Bd6 10. d4 a5 11. cxd5 exd5 12. Bd3 Bxd3 13. Qxd3 Qe7 14. O-O Ne4 15. Ne2
O-O 16. Ng3 Qe6 17. a4 f5 18. Ba3 Rae8 19. Bxd6 Qxd6 20. Nd2 Nb8 21. Ndxe4 fxe4 22.
Qc3 Qd8 23. b4 b6 24. Rac1 axb4 25. Qxb4 Re7 26. Rc2 Rb7 27. Rfc1 Na6 28. Qb3 c5
29. dxc5 Rff7 30. c6 Rb8 31. Qb5 Nc5 32. Rb1 Ra7 33. Rxc5 Ra5 34. c7  1-0

[Event "36th Reykjavik op"]
[Site "Reykjavik ISL"]
[Date "2023.04.04"]
[Round "9.168"]
[White "Hald, Morten Hansen"]
[Black "Brynjarsson, Oervar Holm"]
[WhiteElo "1687"]
[BlackElo "1262"]
[Result "1/2-1/2"]
[EventDate "2023.03.29"]
[PlyCount "72"]

1. d4 Nf6 2. Bg5 e6 3. e4 h6 4. Bxf6 Qxf6 5. e5 Qd8 6. Nf3 c5 7. c3 Nc6 8. Be2 cxd4
9. cxd4 Bb4+ 10. Nbd2 O-O 11. O-O b6 12. a3 Be7 13. b4 a6 14. Rc1 Bb7 15. Qb3 Rc8
16. d5 exd5 17. Qxd5 d6 18. e6 Rc7 19. exf7+ Rxf7 20. Qh5 Bf6 21. Bc4 Bb2 22. Bxf7+
Rxf7 23. Rce1 Bxa3 24. b5 axb5 25. Qxb5 Qc8 26. Nd4 Nxd4 27. Re8+ Rf8 28. Rxf8+ Kxf8
29. Qxb6 Bc5 30. Qb1 Qc6 31. f3 Qe8 32. Kh1 Ne2 33. Ne4 Bd5 34. Nxc5 dxc5 35. Qf5+
Bf7 36. Qxc5+ Kg8  1/2-1/2

[Event "36th Reykjavik op"]
[Site "Reykjavik ISL"]
[Date "2023.04.04"]
[Round "9.169"]
[White "Ingvarsson, Unnar"]
[Black "Abmayr, Annika"]
[WhiteElo "1661"]
[BlackElo "1054"]
[Result "1-0"]
[EventDate "2023.03.29"]
[PlyCount "85"]

1. b3 e5 2. Bb2 Nc6 3. e3 Nf6 4. Bb5 d6 5. d4 exd4 6. Bxc6+ bxc6 7. Qxd4 Nd5 8. c4
Nb4 9. Qc3 c5 10. a3 Bb7 11. Nf3 Nc6 12. Nbd2 f6 13. b4 cxb4 14. axb4 Be7 15. O-O
O-O 16. Rfd1 Ne5 17. c5 Nxf3+ 18. Nxf3 Bxf3 19. gxf3 Rf7 20. f4 Qc8 21. Kh1 Qg4 22.
Rg1 Qf3+ 23. Rg2 h5 24. Kg1 h4 25. Rc1 dxc5 26. bxc5 Rd8 27. h3 Qxh3 28. e4 Qxc3
29. Rxc3 Rd4 30. f3 f5 31. e5 Rxf4 32. Rg6 Kh7 33. Rc6 g5 34. Rxc7 g4 35. e6 Rg7
36. Rc2 gxf3+ 37. Bxg7 Rg4+ 38. Kf1 Rxg7 39. Rxe7 Rxe7 40. c6 h3 41. c7 Rxc7 42.
Rxc7+ Kh6 43. Kg1  1-0

[Event "36th Reykjavik op"]
[Site "Reykjavik ISL"]
[Date "2023.04.04"]
[Round "9.178"]
[White "Grubauer, Gerhard"]
[Black "Rusten, Daniel Garatun"]
[WhiteElo "1564"]
[BlackElo "1169"]
[Result "0-1"]
[EventDate "2023.03.29"]
[PlyCount "70"]

1. e4 e5 2. Nf3 Nc6 3. Bb5 a6 4. Ba4 b5 5. Bb3 d6 6. c3 Bg4 7. d3 Nf6 8. O-O Qd7
9. Be3 Be7 10. Nbd2 O-O 11. Qe1 h6 12. Bd1 d5 13. Nb3 dxe4 14. dxe4 Nxe4 15. Bxh6
Qf5 16. Be3 Rad8 17. h3 Bxh3 18. gxh3 Qxh3 19. Nh2 Rd6 20. Kh1 Bg5 21. Bg4 Qh4 22.
Bxg5 Nxg5 23. f3 Qh7 24. Qb1 Qh4 25. Qe1 Qh6 26. Kg2 g6 27. f4 exf4 28. Rxf4 f5 29.
Bd1 Qh3+ 30. Kg1 Re6 31. Qf1 Qg3+ 32. Kh1 Re1 33. Nc5 Rxf1+ 34. Rxf1 Kg7 35. Bf3
Rh8  0-1